000 00939nam a2200181 i 4500
001 152484
003 ES-MaACL
005 20230906204751.0
008 160408s1877 fr |||| | fre d
100 1 _aBarthélemy, Charles (
_d1825-1888)
_9159321
245 1 0 _aErreurs et mensonges historiques.
_nSixième série /
_cpar M. Ch. Barthélémy.
260 _aParis :
_bLibrairie Blériot,
_c[1877?]
300 _a280 p. ;
_c19 cm.
505 8 _aContiene: De la supériorité et de la prospérité des nations protestantes -- La religion de Buffon -- Savonarole fut-il un hérétique et un révolutionnaire? -- Les cruautés de Clovis -- L'instruction primaire en France avant 1789 -- Le caractère de Richelieu -- La vérité sur le jansénisme -- Le caractère de Louis XIII.
650 4 _aHistoria-
_xErrores, invenciones, etc.
_9159334
651 4 _aFrancia-
_xHistoria-
_xErrores, invenciones, etc.
_9159322
852 _aES-MaACL
_jG-127
999 _c152484
_d152484